Imagining Central America : short histories /

"Imagining Central America: A Short History is a concise review of major events and social, political, and economic movements in the seven countries that comprise Central America: Belize, Guatemala, Honduras, El Salvador, Nicaragua, Costa Rica, and Panama. Given the strategic location of Centra...

Full description

Bibliographic Details
Main Authors: Cosgrove, Serena, 1963- (Author), Belisle Dempsey, Isabeau J. (Author)
Format: Book
Language:English
Published: Cincinnati, Ohio : University of Cincinnati Press, [2022]
Subjects:

MARC

Tag First Indicator Second Indicator Subfields
LEADER 00000cam a2200000 i 4500
001 in00004651921
008 220220s2022 ohub b 001 0 eng
005 20250318222214.7
010 |a  2022005488 
019 |a 1302999085 
020 |a 9781947602939 
020 |a 1947602934  |q paperback 
020 |z 9781947602946  |q electronic book 
020 |z 9781947602953  |q electronic book 
020 |z 9781947602960  |q electronic book 
035 |a (OCoLC)on1303568711 
035 |a (OCoLC)1303568711  |z (OCoLC)1302999085 
040 |a LBSOR/DLC  |b eng  |e rda  |c DLC  |d BDX  |d OCLCO  |d OCLCF  |d UKMGB  |d CDX  |d YDX 
042 |a pcc 
043 |a nc----- 
050 0 0 |a F1436  |b .C67 2022 
082 0 0 |a 972.8  |2 23/eng/20220310 
100 1 |a Cosgrove, Serena,  |d 1963-  |e author. 
245 1 0 |a Imagining Central America :  |b short histories /  |c Serena Cosgrove and Isabeau J. Belisle Dempsey. 
264 1 |a Cincinnati, Ohio :  |b University of Cincinnati Press,  |c [2022] 
300 |a 209 pages :  |b color maps ;  |c 24 cm 
336 |a text  |b txt  |2 rdacontent 
336 |a cartographic image  |b cri  |2 rdacontent 
337 |a unmediated  |b n  |2 rdamedia 
338 |a volume  |b nc  |2 rdacarrier 
504 |a Includes bibliographical references and index. 
505 0 |a Imagining Central America -- A brief history of Belize -- A brief history of Guatemala -- A brief history of El Salvador -- A brief history of Honduras -- A brief history of Nicaragua -- A brief history of Costa Rica -- A brief history of Panama -- Thinking in historical perspective about Central America today. 
520 |a "Imagining Central America: A Short History is a concise review of major events and social, political, and economic movements in the seven countries that comprise Central America: Belize, Guatemala, Honduras, El Salvador, Nicaragua, Costa Rica, and Panama. Given the strategic location of Central America, its importance to U.S. foreign policy, and the flow of migration from the region to other parts of the world, succinct historical summaries of the countries of Central America are a useful resource to students and teachers, policy makers, journalists, and others interested in the region. U.S. foreign policy-strategic economic interests, aid, military assistance, and military intervention-has played a significant role in the history of Central America and this legacy informs many of today's current events in the region as well. Each chapter focuses on an individual country, mapping a timeline of key events and themes. Imagining Central America was funded by a grant from Seattle International Foundation with recognition of the importance in developing a resource to educate important stakeholders about Central America"--  |c Provided by publisher. 
651 0 |a Central America  |x History. 
651 6 |a Amérique centrale  |x Histoire.  |0 (CaQQLa)201-0111368 
651 7 |a Central America.  |2 fast  |0 (OCoLC)fst01244535 
655 7 |a History.  |2 fast  |0 (OCoLC)fst01411628 
700 1 |a Belisle Dempsey, Isabeau J.,  |e author. 
776 0 8 |i Online version:  |a Cosgrove, Serena, 1963-  |t Imagining Central America  |d Cincinnati, Ohio : University of Cincinnati, [2022]  |z 9781947602946  |w (DLC) 2022005489 
852 8 |b pda,print  |z This title is available for the library to purchase for your use. Click the "Purchase It For Me" button to place a request. This item may take 5-10 business days to arrive. 
955 |a Print PDA title 
961 |m 565730 
999 f f |s bf17b8b9-e060-4846-a2d8-0ed7f7aad692  |i be97666c-1d0e-417a-a0ba-582e0a4fec60  |t 0 
952 f f |a Texas A&M University  |b College Station  |c Sterling C. Evans Library  |d Purchase on Demand  |t 0  |e F1436 .C67 2022  |h Library of Congress classification 
998 f f |a F1436 .C67 2022  |t 0  |l Purchase on Demand